| 000 | 00386nam a2200157Ia 4500 | ||
|---|---|---|---|
| 008 | 230524s9999 xx 000 0 und d | ||
| 082 |
_a5 _bSAM |
||
| 100 |
_aD.Samanta _924810 |
||
| 245 | 0 | _aObject Oriented Programming with C++ and JAVA | |
| 250 | _a1ST | ||
| 260 |
_aNEW DELHI _bPHI _c2003 |
||
| 300 | _aXIV;326 | ||
| 500 | _aQuantity Number: 1 | ||
| 650 | _aComp-Sc | ||
| 942 | _cBK | ||
| 999 |
_c36722 _d36722 |
||